000 00533cam a2200205ua 4500
001 10267
008 171218n ii |||gr||||Z||||||eng
020 _a9789327252613
040 _cMAIN
082 _a658.8
100 _aSontakki, C.N.,
_eAuthor.
245 _aPrinciples of marketing
_cBy C.N. Sontakki and others
250 _a2nd rev. ed.
260 _aLudhiana:
_bKalyani,
_c2016.
300 _a12:26 p.
653 _aGeneral management
700 _aGupta, Neeti,
_eAuthor.
700 _aGupta, Anuj,
_eAuthor.
942 _cBK
999 _c9263
_d9263